[Event "Tenerife-chT Primera 1617"]
[Site "Tenerife"]
[Date "2017.01.21"]
[Round "4.1"]
[White "Fernandez, Kosara"]
[Black "Baez Luis, Adrian"]
[Result "1-0"]
[WhiteElo "1792"]
[BlackElo "1438"]
[PlyCount "59"]
[EventDate "2016.12.10"]
[EventType "team-tourn"]
[EventRounds "14"]
[EventCountry "ESP"]
[SourceTitle "CBM 176 Extra"]
[Source "ChessBase"]
[SourceDate "2017.03.02"]
[SourceVersion "1"]
[SourceVersionDate "2017.03.02"]
[SourceQuality "1"]
[WhiteTeam "Benito"]
[BlackTeam "Playa San Juan"]
[WhiteTeamCountry "ESP"]
[BlackTeamCountry "ESP"]

1. e4 g6 2. d4 Bg7 3. Nf3 d6 4. Bc4 Nf6 5. Nc3 0-0 6. 0-0 Nc6 7. h3 a6 8. a4 Qe8 9. Re1 e5 10. d5 Ne7 11. Be3 Nd7 12. Qc1 Nc5 13. Qd2 Kh8 14. b4 Nd7 15. Bh6 f5 16. Bxg7+ Kxg7 17. Ng5 Nb6 18. Bd3 Bd7 19. a5 Nbc8 20. b5 h6 21. Ne6+ Bxe6 22. dxe6 fxe4 23. Bxe4 Rb8 24. Rab1 Na7 25. b6 cxb6 26. Qxd6 Nec6 27. axb6 Rd8 28. Qc7+ Kg8 29. bxa7 Nxa7 30. Rxb7 1-0

[Event "Tenerife-chT Segunda 1516"]
[Site "Tenerife"]
[Date "2016.03.05"]
[Round "9.1"]
[White "Fernandez, Kosara"]
[Black "Nuevo Cabezas, Antonio"]
[Result "1-0"]
[WhiteElo "1797"]
[BlackElo "1326"]
[PlyCount "129"]
[EventDate "2015.12.12"]
[EventType "team-tourn"]
[EventRounds "15"]
[EventCountry "ESP"]
[SourceTitle "EXT 2017"]
[Source "ChessBase"]
[SourceDate "2016.10.25"]
[SourceVersion "1"]
[SourceVersionDate "2016.10.25"]
[SourceQuality "1"]
[WhiteTeam "Benito"]
[BlackTeam "Achinet Gambito de Rey III"]
[WhiteTeamCountry "ESP"]
[BlackTeamCountry "ESP"]

1. e4 e5 2. Nf3 d6 3. Bc4 h6 4. c3 Bg4 5. Qb3 Be6 6. Bxe6 fxe6 7. Qxe6+ Ne7 8. d4 Qd7 9. Qxd7+ Nxd7 10. Be3 Ng6 11. 0-0 Be7 12. Nbd2 Bf6 13. Rfe1 b6 14. Rad1 0-0-0 15. Nf1 Ngf8 16. Ng3 g6 17. d5 g5 18. Nf5 Ng6 19. a4 Ne7 20. Nxe7+ Bxe7 21. a5 g4 22. Nd2 Kb7 23. axb6 cxb6 24. Ra1 h5 25. Ra2 Ra8 26. Rea1 h4 27. f4 gxf3 28. Nxf3 Rh5 29. Bf2 a6 30. Kf1 Nc5 31. Bxc5 dxc5 32. c4 Bd6 33. Kf2 a5 34. Rf1 Rf8 35. Ke2 Rg8 36. Rf2 Rhh8 37. Ra1 Rg4 38. Kd3 Rhg8 39. Rg1 Rf8 40. Ke3 Rfg8 41. Ne1 Rf4 42. Rgf1 Rgf8 43. Nd3 Rxf2 44. Rxf2 Rxf2 45. Kxf2 a4 46. g4 hxg3+ 47. hxg3 b5 48. cxb5 c4 49. Nc1 Kb6 50. Ke3 Kxb5 51. Na2 Kc5 52. Kd2 Kd4 53. Nc3 Bf8 54. g4 a3 55. bxa3 Bxa3 56. Nb5+ Kxe4 57. Nxa3 Kxd5 58. Ke3 c3 59. Nc2 e4 60. Kf4 Kc4 61. Kxe4 Kb3 62. Nd4+ Kb2 63. g5 c2 64. Nxc2 Kxc2 65. g6 1-0

[Event "Tenerife-chT Segunda 1516"]
[Site "Tenerife"]
[Date "2016.01.16"]
[Round "4.1"]
[White "Bernardez Gonzalez, Roberto"]
[Black "Fernandez, Kosara"]
[Result "1/2-1/2"]
[WhiteElo "1540"]
[BlackElo "1797"]
[PlyCount "67"]
[EventDate "2015.12.12"]
[EventType "team-tourn"]
[EventRounds "15"]
[EventCountry "ESP"]
[SourceTitle "CBM 170 Extra"]
[Source "ChessBase"]
[SourceDate "2016.02.25"]
[SourceVersion "1"]
[SourceVersionDate "2016.02.25"]
[SourceQuality "1"]
[WhiteTeam "Achinet Gambito de Rey II"]
[BlackTeam "Benito"]
[WhiteTeamCountry "ESP"]
[BlackTeamCountry "ESP"]

1. d4 b6 2. c4 Bb7 3. d5 e6 4. a3 f5 5. Nf3 Nf6 6. Nc3 Na6 7. g3 Bd6 8. Bg2 0-0 9. 0-0 e5 10. e4 fxe4 11. Ng5 e3 12. Bxe3 Bc5 13. Bxc5 Nxc5 14. b4 Na6 15. Nge4 Nxe4 16. Nxe4 d6 17. Qd2 h6 18. Rfe1 Bc8 19. Rac1 Bf5 20. Qe2 Nb8 21. c5 Bxe4 22. Qxe4 Nd7 23. cxd6 cxd6 24. Bh3 Nf6 25. Qc4 Kh8 26. Be6 Nh7 27. Qc7 Qf6 28. Rf1 Ng5 29. Rcd1 Nf3+ 30. Kg2 Nd4 31. Qxd6 Qf3+ 32. Kh3 Qh5+ 33. Kg2 Qf3+ 34. Kh3 1/2-1/2

[Event "Tenerife-chT Segunda"]
[Site "Tenerife"]
[Date "2015.04.18"]
[Round "9.1"]
[White "De La Rosa Baez, Carlos"]
[Black "Fernandez, Kosara"]
[Result "1/2-1/2"]
[WhiteElo "1376"]
[BlackElo "1848"]
[PlyCount "96"]
[EventDate "2015.01.24"]
[EventType "swiss"]
[EventRounds "13"]
[EventCountry "ESP"]
[SourceTitle "EXT 2024"]
[Source "ChessBase"]
[SourceDate "2023.10.10"]
[SourceVersion "1"]
[SourceVersionDate "2023.10.10"]
[SourceQuality "1"]
[WhiteTeam "Casa de Venezuela Escuela"]
[BlackTeam "Benito"]
[WhiteTeamCountry "ESP"]
[BlackTeamCountry "ESP"]

1. Nf3 d5 2. c4 Nf6 3. e3 e6 4. b3 c5 5. Bb2 Nc6 6. d4 Qa5+ 7. Qd2 Qb6 8. Nc3 Be7 9. g3 cxd4 10. Nxd4 Bb4 11. Bg2 dxc4 12. bxc4 0-0 13. Nxc6 bxc6 14. 0-0 Ba6 15. Qe2 Rad8 16. Rab1 Qa5 17. Ne4 Nxe4 18. Bxe4 f5 19. Bxc6 Rd2 20. Qh5 Bxc4 21. Qg5 Rxb2 22. Rxb2 Bc3 23. Rc1 Bxb2 24. Rxc4 Qxa2 25. Ra4 Qb1+ 26. Kg2 Bf6 27. Qf4 Qc2 28. Qd6 Bg5 29. Qxe6+ Kh8 30. Rxa7 Qc5 31. Qd7 Bf6 32. Ra8 Rxa8 33. Bxa8 Qf8 34. Bc6 Be7 35. Qe8 Qxe8 36. Bxe8 Kg8 37. Kf3 Bd6 38. h3 Kf8 39. Bd7 g6 40. g4 Ke7 41. Bc8 fxg4+ 42. hxg4 g5 43. Ke4 Kf6 44. f4 gxf4 45. exf4 h6 46. f5 Ba3 47. Kf3 Bc1 48. Kg3 Bg5 1/2-1/2

[Event "Tenerife-chT Segunda"]
[Site "Tenerife"]
[Date "2015.03.21"]
[Round "7.1"]
[White "Diaz Reyes, Franklin"]
[Black "Fernandez, Kosara"]
[Result "0-1"]
[WhiteElo "1300"]
[BlackElo "1848"]
[PlyCount "92"]
[EventDate "2015.01.24"]
[EventType "swiss"]
[EventRounds "13"]
[EventCountry "ESP"]
[SourceTitle "EXT 2024"]
[Source "ChessBase"]
[SourceDate "2023.10.10"]
[SourceVersion "1"]
[SourceVersionDate "2023.10.10"]
[SourceQuality "1"]
[WhiteTeam "Achinet Gambito de Rey II"]
[BlackTeam "Benito"]
[WhiteTeamCountry "ESP"]
[BlackTeamCountry "ESP"]

1. e4 e5 2. Nf3 Nc6 3. c3 Bc5 4. d4 exd4 5. cxd4 Bb4+ 6. Bd2 Bxd2+ 7. Nbxd2 Nge7 8. Bd3 d5 9. 0-0 0-0 10. Bc2 Bg4 11. h3 Bh5 12. Nb3 h6 13. Re1 a5 14. a4 Nb4 15. Bd3 Nxd3 16. Qxd3 Bg6 17. Nbd2 Nc6 18. Qc3 Nb4 19. Re2 Re8 20. Rae1 dxe4 21. Nxe4 Nd5 22. Qb3 b6 23. Nc3 Rxe2 24. Rxe2 Nb4 25. Na2 Qd5 26. Qxd5 Nxd5 27. Nc3 Nb4 28. Ne5 Bf5 29. g4 Be6 30. Re3 Rd8 31. Nb5 c6 32. Na7 Rxd4 33. Naxc6 Nxc6 34. Nxc6 Rxa4 35. Nd8 Rb4 36. Nxe6 fxe6 37. Rxe6 Rxb2 38. Re1 a4 39. Ra1 b5 40. Kf1 Rb3 41. h4 a3 42. Ke1 b4 43. Kd1 Rb2 44. Kc1 Rxf2 45. Kb1 Rf1+ 46. Ka2 b3+ 0-1

[Event "Tenerife-chT Primera 1314"]
[Site "Tenerife"]
[Date "2014.01.18"]
[Round "3.3"]
[White "Medina Sanchez, Gines"]
[Black "Fernandez, Kosara"]
[Result "0-1"]
[WhiteElo "1742"]
[BlackElo "1901"]
[PlyCount "118"]
[EventDate "2013.12.14"]
[EventType "team-tourn"]
[EventRounds "14"]
[EventCountry "ESP"]
[SourceTitle "EXT 2015"]
[Source "ChessBase"]
[SourceDate "2014.11.20"]
[SourceVersion "1"]
[SourceVersionDate "2014.11.20"]
[SourceQuality "1"]
[WhiteTeam "La Gomera"]
[BlackTeam "El Sauzal Libreria Barco II"]
[WhiteTeamCountry "ESP"]
[BlackTeamCountry "ESP"]

1. d4 d5 2. Nf3 Nf6 3. c4 e6 4. Bg5 Be7 5. e3 Nbd7 6. Nc3 c6 7. Rc1 0-0 8. Bd3 Re8 9. 0-0 dxc4 10. Bxc4 Nd5 11. Bxe7 Qxe7 12. e4 N5b6 13. Bd3 e5 14. Ne2 exd4 15. Nfxd4 Ne5 16. Ng3 Qd6 17. Bb1 Qb4 18. Nb3 Be6 19. Qd4 Qxd4 20. Nxd4 Rad8 21. Rfd1 Nbc4 22. Nxe6 fxe6 23. b3 Nb2 24. Rxd8 Rxd8 25. Nf1 Rf8 26. Rc2 Nbd3 27. Rd2 Nc5 28. b4 Na6 29. a3 Nc7 30. Ba2 Rf4 31. Ng3 Kf7 32. Kf1 Nb5 33. f3 Ke7 34. Kf2 Nxa3 35. Ne2 Rf8 36. Nd4 Nec4 37. Rd3 Rd8 38. Ke2 g6 39. f4 Rf8 40. g3 Rc8 41. e5 c5 42. bxc5 Rxc5 43. Bxc4 Nxc4 44. Rc3 a6 45. Nb3 Rc6 46. Nd4 Rc7 47. Nb3 b5 48. Na5 Kd7 49. Nxc4 bxc4 50. Ke3 a5 51. g4 a4 52. f5 exf5 53. gxf5 gxf5 54. Kf4 Ke6 55. h4 h6 56. Rg3 c3 57. Rg6+ Kf7 58. Rxh6 Kg7 59. Ra6 c2 0-1